How to break a dragon's heart / (Record no. 519)

MARC details
000 -LEADER
fixed length control field 01234cam a2200277 a 4500
005 - DATE AND TIME OF LATEST TRANSACTION
control field 20231211142655.0
020 ## - INTERNATIONAL STANDARD BOOK NUMBER
International Standard Book Number 9780316176187
020 ## - INTERNATIONAL STANDARD BOOK NUMBER
International Standard Book Number 9780340996928
020 ## - INTERNATIONAL STANDARD BOOK NUMBER
International Standard Book Number 9780316176170
040 ## - CATALOGING SOURCE
Original cataloging agency DLC
Transcribing agency DLC
Language of cataloging eng
Modifying agency FISKH
050 00 - LIBRARY OF CONGRESS CALL NUMBER
Classification number PZ7.C83535
Item number Hlh 2011
082 00 - DEWEY DECIMAL CLASSIFICATION NUMBER
Classification number 823.92
Edition number 22
100 1# - MAIN ENTRY--PERSONAL NAME
Personal name Cowell, Cressida.
245 10 - TITLE STATEMENT
Title How to break a dragon's heart /
Statement of responsibility, etc. by Cressida Cowell.
250 ## - EDITION STATEMENT
Edition statement 1st U.S. ed.
260 ## - PUBLICATION, DISTRIBUTION, ETC.
Place of publication, distribution, etc. New York :
Name of publisher, distributor, etc. Little, Brown,
Date of publication, distribution, etc. 2011.
300 ## - PHYSICAL DESCRIPTION
Extent 299 pages :
Other physical details illustrations ;
Dimensions 20 cm.
490 0# - SERIES STATEMENT
Series statement How to train your dragon ;
Volume/sequential designation bk. 8
505 ## - FORMATTED CONTENTS NOTE
Formatted contents note U
520 ## - SUMMARY, ETC.
Summary, etc. Read the HILARIOUS books that inspired the HOW TO TRAIN YOUR DRAGON films! Hiccup Horrendous Haddock the Third is a smallish Viking with a longish name. Hiccup's father is chief of the Hairy Hooligan tribe which means Hiccup is the Hope and the Heir to the Hairy Hooligan throne - but most of the time Hiccup feels like a very ordinary boy, finding it hard to be a Hero. Whilst searching for his lost friend Camicazi, Hiccup and the Hooligan Tribe have ended up on Uglithug Island.
521 ## - TARGET AUDIENCE NOTE
Target audience note 960 <br/>
Source Lexile
521 ## - TARGET AUDIENCE NOTE
Target audience note U <br/>
Source Raz-Plus
906 ## - LOCAL DATA ELEMENT F, LDF (RLIN)
a 7
b cbc
c orignew
d 1
e ecip
f 20
g y-gencatlg
942 ## - ADDED ENTRY ELEMENTS (KOHA)
Source of classification or shelving scheme Dewey Decimal Classification
Koha item type Books
Suppress in OPAC No
999 ## -
-- 519
-- 519
Holdings
Withdrawn status Lost status Source of classification or shelving scheme Damaged status Not for loan Collection Home library Current library Shelving location Date acquired Total Checkouts Full call number Barcode Date last seen Price effective from Koha item type
    Dewey Decimal Classification     Fiction Footprints International School Library Network Toul Kork Campus Footprints International School Library Network Toul Kork Campus   05/16/2023   COW 823.92 PZ7.C83535 FISTK05005 05/16/2023 05/16/2023 Books